<?xml version="1.0" encoding="UTF-8"?>
<record
    xmlns:xsi="http://www.w3.org/2001/XMLSchema-instance"
    xsi:schemaLocation="http://www.loc.gov/MARC21/slim http://www.loc.gov/standards/marcxml/schema/MARC21slim.xsd"
    xmlns="http://www.loc.gov/MARC21/slim">

  <leader>03838nam0a2200445   4500</leader>
  <controlfield tag="001">RU\NLR\bibl\797230</controlfield>
  <controlfield tag="005">20260407113054.0</controlfield>
  <datafield tag="021" ind1=" " ind2=" ">
    <subfield code="a">RU</subfield>
    <subfield code="b">2005-5740</subfield>
    <subfield code="9">290</subfield>
  </datafield>
  <datafield tag="035" ind1=" " ind2=" ">
    <subfield code="a">(NLR Aleph) 000786429</subfield>
  </datafield>
  <datafield tag="090" ind1=" " ind2=" ">
    <subfield code="a">1094442</subfield>
    <subfield code="c">1094442</subfield>
  </datafield>
  <datafield tag="100" ind1=" " ind2=" ">
    <subfield code="a">20050511d2004    |||y0rusy50      ca</subfield>
  </datafield>
  <datafield tag="101" ind1="0" ind2=" ">
    <subfield code="a">rus</subfield>
    <subfield code="a">ost</subfield>
    <subfield code="d">eng</subfield>
  </datafield>
  <datafield tag="102" ind1=" " ind2=" ">
    <subfield code="a">RU</subfield>
  </datafield>
  <datafield tag="105" ind1=" " ind2=" ">
    <subfield code="a">a   |||||||||</subfield>
  </datafield>
  <datafield tag="200" ind1="1" ind2=" ">
    <subfield code="a">&#x41C;&#x430;&#x442;&#x435;&#x440;&#x438;&#x430;&#x43B;&#x44B; &#x41C;&#x435;&#x436;&#x434;&#x443;&#x43D;&#x430;&#x440;&#x43E;&#x434;&#x43D;&#x43E;&#x439; &#x43D;&#x430;&#x443;&#x447;&#x43D;&#x43E;&#x439; &#x43A;&#x43E;&#x43D;&#x444;&#x435;&#x440;&#x435;&#x43D;&#x446;&#x438;&#x438; "&#x421;&#x43E;&#x445;&#x440;&#x430;&#x43D;&#x435;&#x43D;&#x438;&#x435; &#x442;&#x440;&#x430;&#x434;&#x438;&#x446;&#x438;&#x43E;&#x43D;&#x43D;&#x43E;&#x439; &#x43A;&#x443;&#x43B;&#x44C;&#x442;&#x443;&#x440;&#x44B; &#x43A;&#x43E;&#x440;&#x435;&#x43D;&#x43D;&#x44B;&#x445; &#x43C;&#x430;&#x43B;&#x43E;&#x447;&#x438;&#x441;&#x43B;&#x435;&#x43D;&#x43D;&#x44B;&#x445; &#x43D;&#x430;&#x440;&#x43E;&#x434;&#x43E;&#x432; &#x421;&#x435;&#x432;&#x435;&#x440;&#x430; &#x438; &#x43F;&#x440;&#x43E;&#x431;&#x43B;&#x435;&#x43C;&#x430; &#x443;&#x441;&#x442;&#x43E;&#x439;&#x447;&#x438;&#x432;&#x43E;&#x433;&#x43E; &#x440;&#x430;&#x437;&#x432;&#x438;&#x442;&#x438;&#x44F;", &#x433;. &#x425;&#x430;&#x43D;&#x442;&#x44B;-&#x41C;&#x430;&#x43D;&#x441;&#x438;&#x439;&#x441;&#x43A;, 23-26 &#x438;&#x44E;&#x43D;&#x44F; 2003 &#x433;.</subfield>
    <subfield code="d">Materials of international scientific conference "Preservation of the traditional culture of the small-numbered peoples of the North and the problem of their stable development", Khanty-Mansiysk, 23-26 june 2003</subfield>
    <subfield code="z">eng</subfield>
  </datafield>
  <datafield tag="210" ind1=" " ind2=" ">
    <subfield code="a">&#x41C;&#x43E;&#x441;&#x43A;&#x432;&#x430;</subfield>
    <subfield code="c">&#x41D;&#x430;&#x443;&#x447;&#x43D;&#x43E;-&#x438;&#x441;&#x441;&#x43B;&#x435;&#x434;&#x43E;&#x432;&#x430;&#x442;&#x435;&#x43B;&#x44C;&#x441;&#x43A;&#x438;&#x439; &#x438;&#x43D;&#x441;&#x442;&#x438;&#x442;&#x443;&#x442; &#x443;&#x433;&#x440;&#x43E;&#x432;&#x435;&#x434;&#x435;&#x43D;&#x438;&#x44F;</subfield>
    <subfield code="d">2004</subfield>
  </datafield>
  <datafield tag="215" ind1=" " ind2=" ">
    <subfield code="a">659, [1] &#x441;.</subfield>
    <subfield code="d">21</subfield>
  </datafield>
  <datafield tag="300" ind1=" " ind2=" ">
    <subfield code="a">&#x41D;&#x430; &#x43E;&#x431;&#x43B;.: &#x421;&#x43E;&#x445;&#x440;&#x430;&#x43D;&#x435;&#x43D;&#x438;&#x435; &#x442;&#x440;&#x430;&#x434;&#x438;&#x446;&#x438;&#x43E;&#x43D;&#x43D;&#x43E;&#x439; &#x43A;&#x443;&#x43B;&#x44C;&#x442;&#x443;&#x440;&#x44B; &#x43A;&#x43E;&#x440;&#x435;&#x43D;&#x43D;&#x44B;&#x445; &#x43C;&#x430;&#x43B;&#x43E;&#x447;&#x438;&#x441;&#x43B;&#x435;&#x43D;&#x43D;&#x44B;&#x445; &#x43D;&#x430;&#x440;&#x43E;&#x434;&#x43E;&#x432; &#x421;&#x435;&#x432;&#x435;&#x440;&#x430; &#x438; &#x43F;&#x440;&#x43E;&#x431;&#x43B;&#x435;&#x43C;&#x430; &#x443;&#x441;&#x442;&#x43E;&#x439;&#x447;&#x438;&#x432;&#x43E;&#x433;&#x43E; &#x440;&#x430;&#x437;&#x432;&#x438;&#x442;&#x438;&#x44F;: &#x43C;&#x430;&#x442;&#x435;&#x440;&#x438;&#x430;&#x43B;&#x44B; &#x41C;&#x435;&#x436;&#x434;&#x443;&#x43D;&#x430;&#x440;&#x43E;&#x434;&#x43D;&#x43E;&#x439; &#x43D;&#x430;&#x443;&#x447;&#x43D;&#x43E;&#x439; &#x43A;&#x43E;&#x43D;&#x444;&#x435;&#x440;&#x435;&#x43D;&#x446;&#x438;&#x438;, &#x433;. &#x425;&#x430;&#x43D;&#x442;&#x44B;-&#x41C;&#x430;&#x43D;&#x441;&#x438;&#x439;&#x441;&#x43A;, 23-26 &#x438;&#x44E;&#x43D;&#x44F; 2003 &#x433;.</subfield>
  </datafield>
  <datafield tag="300" ind1=" " ind2=" ">
    <subfield code="a">&#x412; &#x43D;&#x430;&#x434;&#x437;&#x430;&#x433;.: &#x41E;&#x41E;&#x41D; &#x43F;&#x43E; &#x432;&#x43E;&#x43F;&#x440;. &#x43E;&#x431;&#x440;&#x430;&#x437;&#x43E;&#x432;&#x430;&#x43D;&#x438;&#x44F;, &#x43D;&#x430;&#x443;&#x43A;&#x438; &#x438; &#x43A;&#x443;&#x43B;&#x44C;&#x442;&#x443;&#x440;&#x44B;, &#x41A;&#x43E;&#x43C;&#x438;&#x441;. &#x420;&#x424; &#x43F;&#x43E; &#x434;&#x435;&#x43B;&#x430;&#x43C; &#x42E;&#x41D;&#x415;&#x421;&#x41A;&#x41E;, &#x41F;&#x440;&#x430;&#x432;&#x438;&#x442;&#x435;&#x43B;&#x44C;&#x441;&#x442;&#x432;&#x43E; &#x425;&#x430;&#x43D;&#x442;&#x44B;-&#x41C;&#x430;&#x43D;&#x441;&#x438;&#x439;&#x441;&#x43A;&#x43E;&#x433;&#x43E; &#x430;&#x432;&#x442;&#x43E;&#x43D;&#x43E;&#x43C;. &#x43E;&#x43A;&#x440;&#x443;&#x433;&#x430; [&#x438; &#x434;&#x440;.]</subfield>
  </datafield>
  <datafield tag="300" ind1=" " ind2=" ">
    <subfield code="a">&#x427;&#x430;&#x441;&#x442;&#x44C; &#x442;&#x435;&#x43A;&#x441;&#x442;&#x430; &#x43D;&#x430; &#x445;&#x430;&#x43D;&#x442;&#x44B;&#x439;&#x441;&#x43A;. &#x44F;&#x437;.</subfield>
  </datafield>
  <datafield tag="300" ind1=" " ind2=" ">
    <subfield code="a">&#x420;&#x435;&#x437;. &#x43D;&#x430; &#x430;&#x43D;&#x433;&#x43B;. &#x44F;&#x437;.</subfield>
  </datafield>
  <datafield tag="320" ind1=" " ind2=" ">
    <subfield code="a">&#x411;&#x438;&#x431;&#x43B;&#x438;&#x43E;&#x433;&#x440;. &#x432; &#x43A;&#x43E;&#x43D;&#x446;&#x435; &#x441;&#x442;.</subfield>
  </datafield>
  <datafield tag="510" ind1="0" ind2=" ">
    <subfield code="a">Materials of international scientific conference "Preservation of the traditional culture of the small-numbered peoples of the North and the problem of their stable development", Khanty-Mansiysk, 23-26 june 2003</subfield>
    <subfield code="z">eng</subfield>
  </datafield>
  <datafield tag="512" ind1="1" ind2=" ">
    <subfield code="a">&#x421;&#x43E;&#x445;&#x440;&#x430;&#x43D;&#x435;&#x43D;&#x438;&#x435; &#x442;&#x440;&#x430;&#x434;&#x438;&#x446;&#x438;&#x43E;&#x43D;&#x43D;&#x43E;&#x439; &#x43A;&#x443;&#x43B;&#x44C;&#x442;&#x443;&#x440;&#x44B; &#x43A;&#x43E;&#x440;&#x435;&#x43D;&#x43D;&#x44B;&#x445; &#x43C;&#x430;&#x43B;&#x43E;&#x447;&#x438;&#x441;&#x43B;&#x435;&#x43D;&#x43D;&#x44B;&#x445; &#x43D;&#x430;&#x440;&#x43E;&#x434;&#x43E;&#x432; &#x421;&#x435;&#x432;&#x435;&#x440;&#x430; &#x438; &#x43F;&#x440;&#x43E;&#x431;&#x43B;&#x435;&#x43C;&#x430; &#x443;&#x441;&#x442;&#x43E;&#x439;&#x447;&#x438;&#x432;&#x43E;&#x433;&#x43E; &#x440;&#x430;&#x437;&#x432;&#x438;&#x442;&#x438;&#x44F;</subfield>
    <subfield code="e">&#x43C;&#x430;&#x442;&#x435;&#x440;&#x438;&#x430;&#x43B;&#x44B; &#x41C;&#x435;&#x436;&#x434;&#x443;&#x43D;&#x430;&#x440;&#x43E;&#x434;&#x43D;&#x43E;&#x439; &#x43D;&#x430;&#x443;&#x447;&#x43D;&#x43E;&#x439; &#x43A;&#x43E;&#x43D;&#x444;&#x435;&#x440;&#x435;&#x43D;&#x446;&#x438;&#x438;, &#x433;. &#x425;&#x430;&#x43D;&#x442;&#x44B;-&#x41C;&#x430;&#x43D;&#x441;&#x438;&#x439;&#x441;&#x43A;, 23-26 &#x438;&#x44E;&#x43D;&#x44F; 2003 &#x433;.</subfield>
  </datafield>
  <datafield tag="606" ind1="1" ind2=" ">
    <subfield code="a">&#x41D;&#x430;&#x440;&#x43E;&#x434;&#x44B; &#x421;&#x435;&#x432;&#x435;&#x440;&#x430;</subfield>
    <subfield code="j">&#x421;&#x44A;&#x435;&#x437;&#x434;&#x44B;, &#x441;&#x43E;&#x432;&#x435;&#x449;&#x430;&#x43D;&#x438;&#x44F; &#x438; &#x442;.&#x43F;.</subfield>
    <subfield code="x">&#x418;&#x441;&#x442;&#x43E;&#x440;&#x438;&#x44F;</subfield>
    <subfield code="9">1701279</subfield>
    <subfield code="3">RU\NLR\auth\66757334</subfield>
  </datafield>
  <datafield tag="606" ind1="1" ind2=" ">
    <subfield code="a">&#x42F;&#x437;&#x44B;&#x43A;&#x438; &#x43D;&#x430;&#x440;&#x43E;&#x434;&#x43E;&#x432; &#x421;&#x435;&#x432;&#x435;&#x440;&#x430; &#x420;&#x43E;&#x441;&#x441;&#x438;&#x438;</subfield>
    <subfield code="j">&#x421;&#x431;&#x43E;&#x440;&#x43D;&#x438;&#x43A;&#x438;</subfield>
    <subfield code="9">2198101</subfield>
    <subfield code="3">RU\NLR\auth\661321009</subfield>
  </datafield>
  <datafield tag="606" ind1="1" ind2=" ">
    <subfield code="a">&#x42F;&#x437;&#x44B;&#x43A;&#x438; &#x43D;&#x430;&#x440;&#x43E;&#x434;&#x43E;&#x432; &#x421;&#x435;&#x432;&#x435;&#x440;&#x430; &#x420;&#x43E;&#x441;&#x441;&#x438;&#x438;</subfield>
    <subfield code="j">&#x421;&#x44A;&#x435;&#x437;&#x434;&#x44B;, &#x441;&#x43E;&#x432;&#x435;&#x449;&#x430;&#x43D;&#x438;&#x44F; &#x438; &#x442;.&#x43F;.</subfield>
    <subfield code="9">2198101</subfield>
    <subfield code="3">RU\NLR\auth\661321009</subfield>
  </datafield>
  <datafield tag="606" ind1="1" ind2=" ">
    <subfield code="a">&#x41B;&#x438;&#x442;&#x435;&#x440;&#x430;&#x442;&#x443;&#x440;&#x430; &#x43D;&#x430;&#x440;&#x43E;&#x434;&#x43E;&#x432; &#x421;&#x435;&#x432;&#x435;&#x440;&#x430; &#x420;&#x43E;&#x441;&#x441;&#x438;&#x439;&#x441;&#x43A;&#x43E;&#x439; &#x424;&#x435;&#x434;&#x435;&#x440;&#x430;&#x446;&#x438;&#x438;</subfield>
    <subfield code="j">&#x421;&#x431;&#x43E;&#x440;&#x43D;&#x438;&#x43A;&#x438;</subfield>
    <subfield code="9">2252254</subfield>
    <subfield code="3">RU\NLR\auth\661350874</subfield>
  </datafield>
  <datafield tag="606" ind1="1" ind2=" ">
    <subfield code="a">&#x41B;&#x438;&#x442;&#x435;&#x440;&#x430;&#x442;&#x443;&#x440;&#x430; &#x43D;&#x430;&#x440;&#x43E;&#x434;&#x43E;&#x432; &#x421;&#x435;&#x432;&#x435;&#x440;&#x430; &#x420;&#x43E;&#x441;&#x441;&#x438;&#x439;&#x441;&#x43A;&#x43E;&#x439; &#x424;&#x435;&#x434;&#x435;&#x440;&#x430;&#x446;&#x438;&#x438;</subfield>
    <subfield code="j">&#x421;&#x44A;&#x435;&#x437;&#x434;&#x44B;, &#x441;&#x43E;&#x432;&#x435;&#x449;&#x430;&#x43D;&#x438;&#x44F; &#x438; &#x442;.&#x43F;.</subfield>
    <subfield code="9">2252254</subfield>
    <subfield code="3">RU\NLR\auth\661350874</subfield>
  </datafield>
  <datafield tag="686" ind1=" " ind2=" ">
    <subfield code="a">&#x422;3(2&#x420;1)&#x44F;431</subfield>
  </datafield>
  <datafield tag="686" ind1=" " ind2=" ">
    <subfield code="a">&#x428;12/17(231)&#x44F;431</subfield>
  </datafield>
  <datafield tag="686" ind1=" " ind2=" ">
    <subfield code="a">&#x428;12/17(251)&#x44F;431</subfield>
  </datafield>
  <datafield tag="686" ind1=" " ind2=" ">
    <subfield code="a">&#x428;5(231)&#x44F;431</subfield>
  </datafield>
  <datafield tag="710" ind1="1" ind2="2">
    <subfield code="4">070</subfield>
    <subfield code="a">"&#x421;&#x43E;&#x445;&#x440;&#x430;&#x43D;&#x435;&#x43D;&#x438;&#x435; &#x442;&#x440;&#x430;&#x434;&#x438;&#x446;&#x438;&#x43E;&#x43D;&#x43D;&#x43E;&#x439; &#x43A;&#x443;&#x43B;&#x44C;&#x442;&#x443;&#x440;&#x44B; &#x43A;&#x43E;&#x440;&#x435;&#x43D;&#x43D;&#x44B;&#x445; &#x438; &#x43C;&#x430;&#x43B;&#x43E;&#x447;&#x438;&#x441;&#x43B;&#x435;&#x43D;&#x43D;&#x44B;&#x445; &#x43D;&#x430;&#x440;&#x43E;&#x434;&#x43E;&#x432; &#x421;&#x435;&#x432;&#x435;&#x440;&#x430; &#x438; &#x43F;&#x440;&#x43E;&#x431;&#x43B;&#x435;&#x43C;&#x430; &#x443;&#x441;&#x442;&#x43E;&#x439;&#x447;&#x438;&#x432;&#x43E;&#x433;&#x43E; &#x440;&#x430;&#x437;&#x432;&#x438;&#x442;&#x438;&#x44F;", &#x43C;&#x435;&#x436;&#x434;&#x443;&#x43D;&#x430;&#x440;&#x43E;&#x434;&#x43D;&#x430;&#x44F; &#x43D;&#x430;&#x443;&#x447;&#x43D;&#x430;&#x44F; &#x43A;&#x43E;&#x43D;&#x444;&#x435;&#x440;&#x435;&#x43D;&#x446;&#x438;&#x44F;</subfield>
    <subfield code="f">2003</subfield>
    <subfield code="e">&#x425;&#x430;&#x43D;&#x442;&#x44B;-&#x41C;&#x430;&#x43D;&#x441;&#x438;&#x439;&#x441;&#x43A;</subfield>
    <subfield code="3">RU\NLR\AUTH\8810065103</subfield>
    <subfield code="9">631780</subfield>
  </datafield>
  <datafield tag="801" ind1=" " ind2="0">
    <subfield code="a">RU</subfield>
    <subfield code="b">NLR</subfield>
    <subfield code="c">20050511</subfield>
    <subfield code="g">PSBO</subfield>
  </datafield>
  <datafield tag="801" ind1=" " ind2="1">
    <subfield code="a">RU</subfield>
    <subfield code="b">NLR</subfield>
    <subfield code="c">20050511</subfield>
  </datafield>
  <datafield tag="942" ind1=" " ind2=" ">
    <subfield code="c">BOOK</subfield>
  </datafield>
  <datafield tag="980" ind1=" " ind2=" ">
    <subfield code="a">NB</subfield>
  </datafield>
  <datafield tag="995" ind1=" " ind2=" ">
    <subfield code="5">2005-05-11</subfield>
    <subfield code="a">ad</subfield>
    <subfield code="b">NLR01</subfield>
    <subfield code="c">NLR01</subfield>
    <subfield code="e">RF3</subfield>
    <subfield code="f">1-1486529</subfield>
    <subfield code="k">2005-3/13232</subfield>
    <subfield code="o">0</subfield>
    <subfield code="r">BOOK</subfield>
    <subfield code="s">2005313232_</subfield>
  </datafield>
  <datafield tag="995" ind1=" " ind2=" ">
    <subfield code="5">2005-05-11</subfield>
    <subfield code="a">ad</subfield>
    <subfield code="b">NLR01</subfield>
    <subfield code="c">NLR01</subfield>
    <subfield code="e">RF3</subfield>
    <subfield code="f">914828</subfield>
    <subfield code="k">2005-3/13232</subfield>
    <subfield code="o">0</subfield>
    <subfield code="r">BOOK</subfield>
    <subfield code="s">2005313232_</subfield>
  </datafield>
</record>
